[Event "HUN-chT2 Erkel 1718"]
[Site "Hungary"]
[Date "2018.03.04"]
[Round "9.10"]
[White "Waldmann, Ivan"]
[Black "Rajcsanyi, Peter"]
[Result "1-0"]
[WhiteElo "2100"]
[BlackElo "1795"]
[PlyCount "65"]
[EventDate "2017.09.24"]
[EventType "team-tourn"]
[EventRounds "11"]
[EventCountry "HUN"]
[SourceTitle "EXT 2021"]
[Source "ChessBase"]
[SourceDate "2020.10.23"]
[SourceVersion "1"]
[SourceVersionDate "2020.10.23"]
[SourceQuality "1"]
[WhiteTeam "Budapest MTK II"]
[BlackTeam "Sarkany DSE"]
[WhiteTeamCountry "HUN"]
[BlackTeamCountry "HUN"]

1. e4 c5 2. Nf3 d6 3. d4 cxd4 4. Nxd4 a6 5. Nc3 Nf6 6. Bc4 e6 7. Bb3 Nbd7 8. 0-0 Nc5 9. Re1 Be7 10. Qf3 0-0 11. Bg5 Nfd7 12. Bxe7 Qxe7 13. Qg3 Ne5 14. f4 Nc6 15. Rad1 Nxd4 16. Rxd4 Nxb3 17. axb3 Qc7 18. Red1 Rd8 19. e5 b5 20. exd6 Qc5 21. b4 Qf5 22. Ne4 Ra7 23. Qc3 Ra8 24. Qc7 Bd7 25. Nc5 Rac8 26. Nxd7 Qxc2 27. Qxc2 Rxc2 28. Nc5 a5 29. d7 Kf8 30. Nb7 Ke7 31. bxa5 Rc7 32. Nxd8 Kxd8 33. a6 1-0

[Event "Budapest Karacsonyi op 8th"]
[Site "Budapest"]
[Date "2016.12.29"]
[Round "5"]
[White "Husajina, Nikola"]
[Black "Rajcsanyi, Peter"]
[Result "1/2-1/2"]
[WhiteElo "1796"]
[BlackElo "1794"]
[PlyCount "134"]
[EventDate "2016.12.27"]
[EventType "swiss"]
[EventRounds "7"]
[EventCountry "HUN"]
[SourceTitle "CBM 176 Extra"]
[Source "ChessBase"]
[SourceDate "2017.03.02"]
[SourceVersion "1"]
[SourceVersionDate "2017.03.02"]
[SourceQuality "1"]

1. e4 c5 2. Nf3 d6 3. d4 cxd4 4. Nxd4 Nf6 5. Nc3 a6 6. Be3 e5 7. Nb3 Be6 8. Bd3 Nc6 9. h3 d5 10. exd5 Nxd5 11. Nxd5 Bxd5 12. Qg4 Be6 13. Qg3 b6 14. 0-0-0 Qc7 15. f4 f6 16. fxe5 Nxe5 17. Bf4 Bd6 18. Kb1 0-0 19. Nd4 Rfe8 20. Nxe6 Rxe6 21. Be4 Rc8 22. Bf5 Rce8 23. Bxe6+ Rxe6 24. Qb3 Qf7 25. Bxe5 fxe5 26. Rhf1 Qe7 27. Rd2 h6 28. Rfd1 Kh8 29. Qxb6 Bc7 30. Qe3 Qb4 31. a3 Qb8 32. Rd7 Rb6 33. Qc3 Rb7 34. Rf7 Bb6 35. Rxb7 Qxb7 36. Qxe5 Bc7 37. Qe8+ Kh7 38. Qf7 Qb8 39. Rd7 Be5 40. Rb7 Qd6 41. Qf5+ Kh8 42. Rd7 Qb8 43. b3 Bf6 44. Qe4 Qb5 45. Qd3 Qb6 46. g4 Qa5 47. b4 Qe5 48. Rd8+ Bxd8 49. Qxd8+ Kh7 50. Qd3+ Kg8 51. c4 Qe1+ 52. Kc2 Qa1 53. Qc3 Qh1 54. c5 Qc6 55. Qc4+ Kf8 56. Qf4+ Ke7 57. Qe5+ Kf7 58. Qf5+ Ke7 59. Kb3 Qg2 60. g5 hxg5 61. c6 Qxc6 62. Qc5+ Qxc5 63. bxc5 Kd7 64. Kb4 Kc6 65. a4 Kd5 66. Ka5 Kxc5 67. Kxa6 Kc6 1/2-1/2

[Event "Budapest Karacsonyi op 8th"]
[Site "Budapest"]
[Date "2016.12.29"]
[Round "4"]
[White "Rajcsanyi, Peter"]
[Black "Bolyki, Istvan"]
[Result "1/2-1/2"]
[WhiteElo "1794"]
[BlackElo "1588"]
[PlyCount "93"]
[EventDate "2016.12.27"]
[EventType "swiss"]
[EventRounds "7"]
[EventCountry "HUN"]
[SourceTitle "CBM 176 Extra"]
[Source "ChessBase"]
[SourceDate "2017.03.02"]
[SourceVersion "1"]
[SourceVersionDate "2017.03.02"]
[SourceQuality "1"]

1. e4 e5 2. Nf3 Nc6 3. Bb5 a6 4. Ba4 Nf6 5. 0-0 Be7 6. Qe2 b5 7. Bb3 0-0 8. c3 d5 9. d3 Re8 10. Rd1 Bf8 11. Nbd2 Bb7 12. Nf1 h6 13. Ng3 Na5 14. Bc2 c5 15. Bd2 Qc7 16. Rac1 c4 17. d4 exd4 18. cxd4 dxe4 19. Ne5 Nc6 20. Nxc6 Bxc6 21. Nh5 Nxh5 22. Qxh5 Re6 23. g3 Rd8 24. Be3 Rd5 25. Qe2 f5 26. a4 Rg6 27. f4 Bd6 28. Re1 Be7 29. Qh5 Kh7 30. axb5 axb5 31. Bd1 Be8 32. Qh3 Rgd6 33. Be2 Bd7 34. Qg2 Bf6 35. Rcd1 Bxd4 36. Bxd4 Rxd4 37. Qf2 Rxd1 38. Rxd1 Rxd1+ 39. Bxd1 Qd6 40. Bc2 Qd5 41. Qe3 b4 42. Kf2 b3 43. Bb1 Qd1 44. Bxe4 fxe4 45. Qxe4+ Kh8 46. Qa8+ Kh7 47. Qe4+ 1/2-1/2

[Event "Budapest Karacsonyi op 8th"]
[Site "Budapest"]
[Date "2016.12.28"]
[Round "3"]
[White "Rajcsanyi, Peter"]
[Black "Barsi, Botond"]
[Result "0-1"]
[WhiteElo "1794"]
[BlackElo "1752"]
[PlyCount "58"]
[EventDate "2016.12.27"]
[EventType "swiss"]
[EventRounds "7"]
[EventCountry "HUN"]
[SourceTitle "CBM 176 Extra"]
[Source "ChessBase"]
[SourceDate "2017.03.02"]
[SourceVersion "1"]
[SourceVersionDate "2017.03.02"]
[SourceQuality "1"]

1. e4 c5 2. Nf3 Nc6 3. d4 cxd4 4. Nxd4 Qb6 5. Nb3 Nf6 6. Nc3 e6 7. Be3 Qc7 8. Be2 Bb4 9. f3 0-0 10. 0-0 a6 11. Nd4 Ne5 12. Qd2 Nc4 13. Bxc4 Qxc4 14. Qd3 Qc7 15. Nce2 b5 16. a4 bxa4 17. Rxa4 a5 18. c3 Be7 19. b3 d5 20. e5 Nd7 21. f4 Nc5 22. Nb5 Qb8 23. Bxc5 Bxc5+ 24. Kh1 Bd7 25. c4 Rd8 26. Qg3 dxc4 27. bxc4 Bxb5 28. cxb5 Qxb5 29. Nc3 Qxf1# 0-1

[Event "Budapest Karacsonyi 7th"]
[Site "Budapest"]
[Date "2015.12.30"]
[Round "7"]
[White "Gyurkovics, Miklos"]
[Black "Rajcsanyi, Peter"]
[Result "0-1"]
[WhiteElo "2107"]
[BlackElo "1790"]
[PlyCount "110"]
[EventDate "2015.12.27"]
[EventType "swiss"]
[EventRounds "7"]
[EventCountry "HUN"]
[SourceTitle "CBM 170 Extra"]
[Source "ChessBase"]
[SourceDate "2016.02.25"]
[SourceVersion "1"]
[SourceVersionDate "2016.02.25"]
[SourceQuality "1"]

1. c4 Nf6 2. Nc3 d5 3. cxd5 Nxd5 4. Nf3 Nxc3 5. bxc3 g6 6. h4 h5 7. Rb1 Bg7 8. Qc2 0-0 9. e4 c5 10. Bc4 Nc6 11. a4 Rb8 12. d3 Bg4 13. Bf4 Bxf3 14. gxf3 Ne5 15. Ke2 Nxc4 16. dxc4 e5 17. Bg5 Qc7 18. Rbd1 f6 19. Be3 Kh7 20. Rd5 b6 21. Rhd1 Rf7 22. R1d3 Rbf8 23. Qd1 Qc8 24. Rd7 Qa6 25. Qb3 Qc8 26. Rxf7 Rxf7 27. Qb5 Qc7 28. a5 Bf8 29. Qe8 Qe7 30. Qxe7 Rxe7 31. Rd8 Bg7 32. a6 Bh6 33. Rb8 Bxe3 34. Rb7 Rg7 35. fxe3 g5 36. hxg5 fxg5 37. Kf2 Kg6 38. Kg3 Rf7 39. Rb8 Re7 40. Rh8 Rf7 41. Re8 Kf6 42. f4 h4+ 43. Kg4 gxf4 44. exf4 Rg7+ 45. Kxh4 exf4 46. e5+ Kf5 47. Kh3 Rg3+ 48. Kh2 Rxc3 49. e6 Rxc4 50. e7 Kf6 51. Ra8 Kxe7 52. Rxa7+ Kd6 53. Rf7 Ra4 54. a7 b5 55. Kg2 Kc6 0-1

[Event "Budapest Karacsonyi 7th"]
[Site "Budapest"]
[Date "2015.12.29"]
[Round "5"]
[White "Peterfia, Ferenc"]
[Black "Rajcsanyi, Peter"]
[Result "1/2-1/2"]
[WhiteElo "1542"]
[BlackElo "1790"]
[PlyCount "96"]
[EventDate "2015.12.27"]
[EventType "swiss"]
[EventRounds "7"]
[EventCountry "HUN"]
[SourceTitle "CBM 170 Extra"]
[Source "ChessBase"]
[SourceDate "2016.02.25"]
[SourceVersion "1"]
[SourceVersionDate "2016.02.25"]
[SourceQuality "1"]

1. d4 Nf6 2. c4 e6 3. Nc3 Bb4 4. Bf4 0-0 5. Nf3 d5 6. c5 Ne4 7. Qc2 b6 8. cxb6 axb6 9. e3 Bxc3+ 10. bxc3 c5 11. c4 Bb7 12. Bd3 Nc6 13. 0-0 Nb4 14. Qb3 Nxd3 15. Qxd3 Ba6 16. Rfc1 f6 17. Qc2 g5 18. Bg3 Bxc4 19. dxc5 bxc5 20. Nd2 Nxd2 21. Qxd2 Qa5 22. Qc2 Qa4 23. Qc3 Kf7 24. Rcb1 Ra7 25. h3 Rd8 26. Rc1 Rdd7 27. e4 Rdb7 28. h4 h6 29. hxg5 hxg5 30. exd5 exd5 31. Qf3 Kg6 32. Qc3 Rb5 33. Re1 Qa3 34. Qc2+ Qd3 35. Qc1 Rxa2 36. Rxa2 Bxa2 37. f3 Rb1 38. Qxc5 Rxe1+ 39. Bxe1 Qd1 40. Qe7 Qd4+ 41. Bf2 Qa1+ 42. Be1 Qe5 43. Qb4 Bc4 44. Bf2 Qe2 45. Qc5 Qf1+ 46. Kh2 Qd3 47. Qf8 Bb3 48. Qg8+ Kh6 1/2-1/2

[Event "Budapest Karacsonyi 7th"]
[Site "Budapest"]
[Date "2015.12.29"]
[Round "4"]
[White "Rajcsanyi, Peter"]
[Black "Bartuszek, Andras"]
[Result "1/2-1/2"]
[WhiteElo "1790"]
[BlackElo "1883"]
[PlyCount "191"]
[EventDate "2015.12.27"]
[EventType "swiss"]
[EventRounds "7"]
[EventCountry "HUN"]
[SourceTitle "CBM 170 Extra"]
[Source "ChessBase"]
[SourceDate "2016.02.25"]
[SourceVersion "1"]
[SourceVersionDate "2016.02.25"]
[SourceQuality "1"]

1. e4 c5 2. Nf3 d6 3. d4 cxd4 4. Nxd4 Nf6 5. Nc3 a6 6. Bg5 e6 7. Qf3 Be7 8. 0-0-0 Qa5 9. h4 Nbd7 10. Be2 Rb8 11. Qg3 b5 12. Nc6 Qc7 13. Nxb8 Qxb8 14. a3 b4 15. axb4 Qxb4 16. f3 Qc5 17. Bxf6 Nxf6 18. f4 0-0 19. Rhf1 Nd7 20. h5 Bf6 21. Rd3 Qb4 22. h6 g6 23. f5 Be5 24. Qh3 Nc5 25. Rdf3 exf5 26. exf5 g5 27. g4 f6 28. Nd1 Bd7 29. Rb3 Nxb3+ 30. Qxb3+ Qxb3 31. cxb3 Rc8+ 32. Kd2 Bf4+ 33. Rxf4 gxf4 34. Bxa6 Rc5 35. Nc3 Bc6 36. Ke2 Re5+ 37. Kf2 f3 38. b4 d5 39. b5 Ba8 40. b6 d4 41. Nd1 Re7 42. b3 Kf8 43. Nb2 Ke8 44. Na4 Bb7 45. Bb5+ Kd8 46. Nc5 Kc8 47. Ne6 Bd5 48. Nxd4 Kb7 49. Bc4 Bxc4 50. bxc4 Kxb6 51. Ne6 Kc6 52. Kxf3 Ra7 53. g5 fxg5 54. Nxg5 Kd6 55. f6 Ra1 56. Nxh7 Ke6 57. Kg4 Rg1+ 58. Kh5 Kf5 59. Kh4 Kg6 60. f7 Kxf7 61. Ng5+ Kg6 62. Nf3 Rh1+ 63. Kg4 Rxh6 64. Kf4 Kf6 65. Ke4 Ke6 66. Ng5+ Kd7 67. Nf3 Kc6 68. Ne5+ Kc5 69. Nd3+ Kxc4 70. Ne5+ Kc3 71. Nf3 Rh8 72. Kd5 Rd8+ 73. Ke4 Re8+ 74. Kf4 Kd3 75. Ne5+ Kd4 76. Nf3+ Kd5 77. Ng5 Re1 78. Nf3 Rf1 79. Ke3 Ra1 80. Kd3 Ra3+ 81. Ke2 Ke4 82. Nd2+ Kf4 83. Nc4 Rc3 84. Nd2 Re3+ 85. Kf2 Re8 86. Nc4 Rc8 87. Nd2 Rc3 88. Ke2 Rh3 89. Nf1 Rh8 90. Kd3 Rc8 91. Nd2 Rc7 92. Kd4 Rd7+ 93. Kc3 Ke3 94. Nc4+ Ke2 95. Nb2 Rc7+ 96. Kd4 1/2-1/2

[Event "Budapest Karacsonyi 7th"]
[Site "Budapest"]
[Date "2015.12.28"]
[Round "2"]
[White "Rajcsanyi, Peter"]
[Black "Baranyi, Robert"]
[Result "0-1"]
[WhiteElo "1790"]
[BlackElo "1697"]
[PlyCount "94"]
[EventDate "2015.12.27"]
[EventType "swiss"]
[EventRounds "7"]
[EventCountry "HUN"]
[SourceTitle "CBM 170 Extra"]
[Source "ChessBase"]
[SourceDate "2016.02.25"]
[SourceVersion "1"]
[SourceVersionDate "2016.02.25"]
[SourceQuality "1"]

1. e4 e5 2. Nf3 Nc6 3. Bb5 a6 4. Ba4 d6 5. 0-0 Bd7 6. c3 g6 7. d4 exd4 8. cxd4 Bg7 9. Bg5 Bf6 10. Be3 Nge7 11. Qd2 0-0 12. h3 Bh8 13. Bb3 Qc8 14. a3 Nd8 15. Rd1 c6 16. Nc3 Be6 17. d5 Bxh3 18. Nh2 Bd7 19. Na4 Qc7 20. Bb6 Qb8 21. Ba5 Nc8 22. Nb6 Nxb6 23. Bxb6 c5 24. Rab1 f5 25. Bc2 fxe4 26. Bxe4 Bd4 27. Rf1 Bf5 28. Bxf5 Rxf5 29. Rbe1 Nf7 30. Nf3 Rxd5 31. Qc2 Ne5 32. Nxd4 Rxd4 33. Rxe5 dxe5 34. Bxc5 Rd7 35. Qb3+ Rf7 36. Rd1 Qe8 37. Qd5 Rc8 38. b4 Rcc7 39. Re1 Rcd7 40. Rxe5 Rxd5 41. Rxe8+ Kg7 42. a4 a5 43. Bb6 axb4 44. Re4 b3 45. Bd4+ Kg8 46. Bb6 Rd1+ 47. Kh2 b2 0-1

[Event "Budapest Karacsonyi 7th"]
[Site "Budapest"]
[Date "2015.12.27"]
[Round "1"]
[White "Palocz, Katalin"]
[Black "Rajcsanyi, Peter"]
[Result "1/2-1/2"]
[WhiteElo "1396"]
[BlackElo "1790"]
[PlyCount "136"]
[EventDate "2015.12.27"]
[EventType "swiss"]
[EventRounds "7"]
[EventCountry "HUN"]
[SourceTitle "CBM 170 Extra"]
[Source "ChessBase"]
[SourceDate "2016.02.25"]
[SourceVersion "1"]
[SourceVersionDate "2016.02.25"]
[SourceQuality "1"]

1. e4 c5 2. c4 Nc6 3. Ne2 Nf6 4. Nbc3 d6 5. d4 cxd4 6. Nxd4 Qa5 7. f3 g6 8. Be3 Bg7 9. Be2 0-0 10. 0-0 Bd7 11. Rc1 Rac8 12. Qd2 Rfe8 13. Rfe1 Ne5 14. Nb3 Qc7 15. Nd5 Qb8 16. Rc2 b6 17. Rec1 Be6 18. Nd4 Bd7 19. Kh1 Nc6 20. Bf1 Nxd5 21. cxd5 Nxd4 22. Bxd4 Bxd4 23. Qxd4 Rxc2 24. Rxc2 Rc8 25. Rxc8+ Qxc8 26. Qc3 Qxc3 27. bxc3 Kf8 28. Kg1 Ke8 29. Kf2 Kd8 30. Ke3 Kc7 31. Kd4 b5 32. a3 Kb6 33. c4 a6 34. Bd3 bxc4 35. Bxc4 Bb5 36. f4 Ka5 37. Bxb5 Kxb5 38. Kc3 Kc5 39. g3 e6 40. dxe6 fxe6 41. h4 d5 42. exd5 exd5 43. g4 d4+ 44. Kd3 Kd5 45. f5 gxf5 46. gxf5 Ke5 47. f6 Kxf6 48. Kxd4 Kf5 49. Kc5 h5 50. Kb6 Kg4 51. Kxa6 Kxh4 52. Kb7 Kg5 53. a4 h4 54. a5 h3 55. a6 h2 56. a7 h1Q+ 57. Kb8 Qh8+ 58. Kb7 Qg7+ 59. Kb8 Qf8+ 60. Kb7 Qe7+ 61. Kb8 Qd6+ 62. Kb7 Qd5+ 63. Kb8 Qb5+ 64. Ka8 Qa6 65. Kb8 Qb6+ 66. Ka8 Qd8+ 67. Kb7 Qd7+ 68. Kb8 Qxa7+ 1/2-1/2

[Event "Budapest Art Pub Cup 6th"]
[Site "Budapest"]
[Date "2015.01.03"]
[Round "4"]
[White "Szucs, Zoltan"]
[Black "Rajcsanyi, Peter"]
[Result "0-1"]
[WhiteElo "1635"]
[BlackElo "1833"]
[PlyCount "86"]
[EventDate "2015.01.02"]
[EventType "swiss"]
[EventRounds "6"]
[EventCountry "HUN"]
[SourceTitle "CBM 164 Extra"]
[Source "ChessBase"]
[SourceDate "2015.03.02"]
[SourceVersion "1"]
[SourceVersionDate "2015.03.02"]
[SourceQuality "1"]

1. e4 c5 2. Nf3 d6 3. d4 cxd4 4. Nxd4 Nf6 5. Nc3 a6 6. Be2 e5 7. Nb3 Be7 8. a4 Be6 9. 0-0 0-0 10. Kh1 Nc6 11. Be3 Nb4 12. f4 Rc8 13. f5 Bxb3 14. cxb3 d5 15. Nxd5 Nfxd5 16. exd5 Nc2 17. Bd2 Nxa1 18. Bc3 Qd6 19. Bc4 Rb8 20. f6 Bxf6 21. Qxa1 b5 22. axb5 axb5 23. Bd3 g6 24. Qe1 Bg7 25. Bb4 Qxd5 26. Bxf8 Rxf8 27. Qe2 Qxb3 28. Bxb5 Qb4 29. Bc4 Qe7 30. b3 Kh8 31. Rb1 Qb4 32. Rd1 f5 33. Rd7 Qc3 34. Qd1 f4 35. Rd8 e4 36. h3 Qf6 37. Rxf8+ Bxf8 38. Qd5 Kg7 39. Qxe4 Bd6 40. Kg1 Bc5+ 41. Kf1 Qa1+ 42. Ke2 Qb2+ 43. Kf1 Qf2# 0-1

[Event "Budapest Art Pub Cup 6th"]
[Site "Budapest"]
[Date "2015.01.02"]
[Round "2"]
[White "Pinter, Tamas"]
[Black "Rajcsanyi, Peter"]
[Result "1/2-1/2"]
[WhiteElo "1632"]
[BlackElo "1833"]
[PlyCount "71"]
[EventDate "2015.01.02"]
[EventType "swiss"]
[EventRounds "6"]
[EventCountry "HUN"]
[SourceTitle "CBM 164 Extra"]
[Source "ChessBase"]
[SourceDate "2015.03.02"]
[SourceVersion "1"]
[SourceVersionDate "2015.03.02"]
[SourceQuality "1"]

1. e4 c5 2. Nf3 d6 3. c3 Nf6 4. Bb5+ Nbd7 5. d3 g6 6. h3 Bg7 7. Be3 a6 8. Ba4 b5 9. Bc2 0-0 10. 0-0 Bb7 11. Nbd2 Qc7 12. Rc1 Nb6 13. Qe2 Rac8 14. Rfd1 Nfd7 15. Nf1 Ba8 16. Qd2 Ne5 17. Nxe5 dxe5 18. Bh6 Rcd8 19. Bxg7 Kxg7 20. Qg5 h6 21. Qg3 e6 22. Ne3 Nd7 23. d4 Nf6 24. f3 Nd7 25. Ng4 f6 26. dxe5 Nxe5 27. Nxe5 Qxe5 28. Qxe5 fxe5 29. Kf2 Kf6 30. Rxd8 Rxd8 31. Rd1 Rxd1 32. Bxd1 Bc6 33. Be2 a5 34. a3 Ke7 35. Ke3 Kf6 36. Kf2 1/2-1/2

[Event "Budapest op 4th"]
[Site "Budapest"]
[Date "2014.08.18"]
[Round "3"]
[White "Rajcsanyi, Peter"]
[Black "Csala, Imre"]
[Result "0-1"]
[WhiteElo "1860"]
[BlackElo "2175"]
[PlyCount "86"]
[EventDate "2014.08.16"]
[EventType "swiss"]
[EventRounds "9"]
[EventCountry "HUN"]
[SourceTitle "CBM 161 Extra"]
[Source "ChessBase"]
[SourceDate "2014.08.29"]
[SourceVersion "1"]
[SourceVersionDate "2014.08.29"]
[SourceQuality "1"]

1. e4 d6 2. d4 g6 3. Nc3 Bg7 4. Nf3 Bg4 5. Be3 Nc6 6. Qd2 Bxf3 7. gxf3 e5 8. dxe5 dxe5 9. Qxd8+ Rxd8 10. Nd5 Rd7 11. 0-0-0 Nge7 12. Bh3 f5 13. c3 Nxd5 14. Rxd5 Rxd5 15. exd5 Ne7 16. Rd1 Nc8 17. Kc2 b6 18. f4 Nd6 19. fxe5 Bxe5 20. Bd4 Bxd4 21. Rxd4 g5 22. f3 Rf8 23. Bg2 h5 24. c4 g4 25. b4 f4 26. c5 Nf5 27. Re4+ Kd8 28. Kd3 Ne3 29. Rxe3 fxe3 30. Kxe3 Re8+ 31. Kd3 Re5 32. fxg4 hxg4 33. a4 Rh5 34. Ke3 Rxh2 35. Kf2 Rh6 36. Kg3 bxc5 37. bxc5 Ra6 38. Kxg4 Rxa4+ 39. Kf5 Rc4 40. c6 a5 41. Ke6 a4 42. d6 a3 43. Bd5 Rxc6 0-1

[Event "Budapest op 3rd"]
[Site "Budapest"]
[Date "2013.08.23"]
[Round "7"]
[White "Peczeli, Zoltan"]
[Black "Rajcsanyi, Peter"]
[Result "1/2-1/2"]
[WhiteElo "2036"]
[BlackElo "1850"]
[PlyCount "50"]
[EventDate "2013.08.17"]
[EventType "swiss"]
[EventRounds "9"]
[EventCountry "HUN"]
[SourceTitle "CBM 156 Extra"]
[Source "ChessBase"]
[SourceDate "2013.10.22"]
[SourceVersion "1"]
[SourceVersionDate "2013.10.22"]
[SourceQuality "1"]

1. d4 Nf6 2. c4 e6 3. Nf3 d5 4. g3 a6 5. Bg2 dxc4 6. Ne5 Bb4+ 7. Nc3 Nd5 8. Bd2 Nb6 9. e3 Bd6 10. Nxc4 N8d7 11. Nxd6+ cxd6 12. Qb3 d5 13. 0-0 Nc4 14. Qc2 Nxd2 15. Qxd2 0-0 16. Rac1 Nb6 17. b3 Bd7 18. Rc2 Qe7 19. Rfc1 Qb4 20. Ne4 Qxd2 21. Nxd2 Rac8 22. Rc7 Rxc7 23. Rxc7 Bc6 24. Nf3 Rc8 25. Rxc8+ Nxc8 1/2-1/2

[Event "Budapest-chT1 Lilienthal 1213"]
[Site "Budapest"]
[Date "2013.02.24"]
[Round "8"]
[White "Rajcsanyi, Peter"]
[Black "Maisztorovics, Peter"]
[Result "1/2-1/2"]
[WhiteElo "1873"]
[BlackElo "1700"]
[PlyCount "113"]
[EventDate "2012.09.30"]
[EventType "team-tourn"]
[EventRounds "11"]
[EventCountry "HUN"]
[SourceTitle "EXT 2019"]
[Source "ChessBase"]
[SourceDate "2018.10.10"]
[SourceVersion "1"]
[SourceVersionDate "2018.10.10"]
[SourceQuality "1"]
[WhiteTeam "Budapest RAC"]
[BlackTeam "Budapest REAC SISE"]
[WhiteTeamCountry "HUN"]
[BlackTeamCountry "HUN"]

1. e4 e6 2. d4 b6 3. Nc3 Bb7 4. Bd3 f5 5. Nge2 Bb4 6. Ng3 Nf6 7. Qe2 0-0 8. a3 Bxc3+ 9. bxc3 d6 10. 0-0 fxe4 11. Nxe4 Nbd7 12. Nxf6+ Qxf6 13. Be4 Bxe4 14. Qxe4 d5 15. Qg4 Rae8 16. a4 c5 17. Ba3 Qf5 18. Qd1 Rf6 19. Rb1 Rg6 20. f4 Qh3 21. Qf3 Qf5 22. Rf2 cxd4 23. cxd4 Rc8 24. a5 Rxc2 25. Rxc2 Qxc2 26. Rc1 Qd2 27. axb6 Qxd4+ 28. Qf2 Qxf2+ 29. Kxf2 Nxb6 30. Bc5 Rf6 31. Kg3 Rf7 32. Re1 Rf6 33. Ra1 Nc8 34. Ra6 e5 35. Rxf6 gxf6 36. fxe5 fxe5 37. Kg4 Kf7 38. Kf5 d4 39. Kxe5 d3 40. Be3 a5 41. Kd4 Nd6 42. Kxd3 Ke6 43. Bb6 a4 44. Kc3 Kd5 45. Be3 Nc4 46. Bc1 Kc5 47. g4 Ne5 48. g5 Nf3 49. h3 Ne5 50. h4 Nf3 51. h5 Ne5 52. Be3+ Kd5 53. Kb4 a3 54. Kb3 Ke6 55. Bc1 Kf5 56. Kxa3 Nf7 57. g6 1/2-1/2

[Event "Budapest op 1st"]
[Site "Budapest"]
[Date "2011.08.28"]
[Round "9"]
[White "Rajcsanyi, Peter"]
[Black "Yip, Michael"]
[Result "1/2-1/2"]
[WhiteElo "1896"]
[BlackElo "1982"]
[PlyCount "79"]
[EventDate "2011.08.20"]
[EventType "swiss"]
[EventRounds "9"]
[EventCountry "HUN"]
[SourceTitle "EXT 2022"]
[Source "ChessBase"]
[SourceDate "2021.10.06"]
[SourceVersion "1"]
[SourceVersionDate "2021.10.06"]
[SourceQuality "1"]

1. e4 e6 2. d4 d5 3. Nc3 Bb4 4. a3 Bxc3+ 5. bxc3 dxe4 6. Qg4 Nf6 7. Qxg7 Rg8 8. Qh6 Nbd7 9. Nh3 c5 10. Rb1 Rg6 11. Qd2 Qc7 12. Nf4 Rg8 13. Be2 b6 14. d5 exd5 15. Nxd5 Nxd5 16. Qxd5 Bb7 17. Qf5 Qe5 18. Qxe5+ Nxe5 19. Bf4 Nc6 20. 0-0 0-0-0 21. h3 Ne7 22. Bc4 Nd5 23. Bxd5 Bxd5 24. g3 Bc6 25. h4 Ba4 26. Rbc1 h5 27. Rfe1 f5 28. Re2 Rd7 29. Rd2 Rxd2 30. Bxd2 Rd8 31. Be3 Bb5 32. Kg2 Be2 33. Rb1 Kc7 34. Re1 Bf3+ 35. Kf1 Kc6 36. Rb1 a5 37. Ke1 a4 38. c4 Rd7 39. c3 Rd3 40. Bd2 1/2-1/2

[Event "Budapest op 1st"]
[Site "Budapest"]
[Date "2011.08.26"]
[Round "7"]
[White "Teglas, Balazs"]
[Black "Rajcsanyi, Peter"]
[Result "1-0"]
[WhiteElo "2207"]
[BlackElo "1896"]
[PlyCount "85"]
[EventDate "2011.08.20"]
[EventType "swiss"]
[EventRounds "9"]
[EventCountry "HUN"]
[SourceTitle "EXT 2022"]
[Source "ChessBase"]
[SourceDate "2021.10.06"]
[SourceVersion "1"]
[SourceVersionDate "2021.10.06"]
[SourceQuality "1"]

1. d4 Nf6 2. Bf4 e6 3. e3 c5 4. c3 d5 5. Nd2 Nc6 6. Bd3 Be7 7. h3 c4 8. Bc2 0-0 9. Ngf3 Bd6 10. Ne5 Qc7 11. Ndf3 Ne4 12. Nxc6 bxc6 13. Bxe4 dxe4 14. Bxd6 Qxd6 15. Nd2 f5 16. Nxc4 Qd5 17. Ne5 Ba6 18. Qa4 Qb5 19. Qxb5 cxb5 20. Kd2 Bb7 21. a4 a6 22. Ra3 Bd5 23. axb5 axb5 24. Rha1 g5 25. Rxa8 Rxa8 26. Rxa8+ Bxa8 27. b3 Kf8 28. Kc2 h5 29. Kb2 b4 30. cxb4 Ke7 31. b5 f4 32. exf4 Kf6 33. fxg5+ Kxg5 34. Nc4 Kf4 35. Ne3 h4 36. Kc3 Bb7 37. Kc4 Bc8 38. Kc5 Bb7 39. Kb6 Bd5 40. Nxd5+ exd5 41. Kc5 e3 42. fxe3+ Kg3 43. b6 1-0

[Event "Budapest op 1st"]
[Site "Budapest"]
[Date "2011.08.25"]
[Round "6"]
[White "Rajcsanyi, Peter"]
[Black "Barabas, Attila"]
[Result "0-1"]
[WhiteElo "1896"]
[BlackElo "2001"]
[PlyCount "96"]
[EventDate "2011.08.20"]
[EventType "swiss"]
[EventRounds "9"]
[EventCountry "HUN"]
[SourceTitle "EXT 2022"]
[Source "ChessBase"]
[SourceDate "2021.10.06"]
[SourceVersion "1"]
[SourceVersionDate "2021.10.06"]
[SourceQuality "1"]

1. e4 e5 2. Nf3 d6 3. Bc4 Be7 4. d4 exd4 5. Nxd4 Nf6 6. Nc3 Bd7 7. 0-0 Nc6 8. Nf5 Bxf5 9. exf5 Qd7 10. Bd3 Ne5 11. Bg5 Nxd3 12. Qxd3 0-0 13. a4 h6 14. Bh4 Rfe8 15. Rfe1 Rad8 16. h3 a6 17. Rad1 Kf8 18. Re2 Ng8 19. Bxe7+ Rxe7 20. Rde1 Rxe2 21. Rxe2 c6 22. g4 d5 23. b4 Nf6 24. f3 Qd6 25. Kg2 Qxb4 26. Ne4 Qxa4 27. Nxf6 gxf6 28. Qe3 Kg7 29. Qe7 Qc4 30. Rf2 Rh8 31. Kg3 b5 32. h4 Qc3 33. Re2 a5 34. g5 a4 35. g6 Rf8 36. Qa7 Qc4 37. Re7 d4 38. Rd7 c5 39. Rc7 Qd5 40. Rxc5 Qd6+ 41. f4 d3 42. Rc7 Qd5 43. Rd7 dxc2 44. Rxd5 c1Q 45. Rd7 Qc3+ 46. Kg2 Qb2+ 47. Kg3 Qb3+ 48. Kg4 h5+ 0-1

[Event "Budapest op 1st"]
[Site "Budapest"]
[Date "2011.08.24"]
[Round "5"]
[White "Kozma, Gabor"]
[Black "Rajcsanyi, Peter"]
[Result "0-1"]
[WhiteElo "1927"]
[BlackElo "1896"]
[PlyCount "138"]
[EventDate "2011.08.20"]
[EventType "swiss"]
[EventRounds "9"]
[EventCountry "HUN"]
[SourceTitle "EXT 2022"]
[Source "ChessBase"]
[SourceDate "2021.10.06"]
[SourceVersion "1"]
[SourceVersionDate "2021.10.06"]
[SourceQuality "1"]

1. e4 c5 2. Nc3 Nc6 3. d3 d6 4. g3 g6 5. Bg2 Bg7 6. f4 e6 7. Nf3 Nge7 8. 0-0 0-0 9. Be3 Rb8 10. d4 cxd4 11. Nxd4 Qb6 12. Nf5 Qxb2 13. Nxe7+ Nxe7 14. Bd4 Bxd4+ 15. Qxd4 d5 16. Rab1 Qxc2 17. Rf2 Nc6 18. Qf6 Qd3 19. exd5 Qd4 20. Qxd4 Nxd4 21. Rd2 Nf5 22. d6 Rd8 23. Ne4 b6 24. Rc1 Bb7 25. d7 Kf8 26. Kf2 Ke7 27. Rc7 a6 28. h3 Bd5 29. Nc3 Bxg2 30. Kxg2 Nd6 31. Kf3 f5 32. Rc6 Rxd7 33. Re2 Kf7 34. Rd2 Rbd8 35. Na4 Ne4 36. Rxd7+ Rxd7 37. Nxb6 Rd3+ 38. Ke2 Rd2+ 39. Ke3 Rxa2 40. Rc7+ Kg8 41. g4 Ra3+ 42. Kd4 Nd6 43. Ke5 Ne8 44. Re7 Re3+ 45. Kd4 Re4+ 46. Kc5 Kf8 47. Rxh7 Nf6 48. Ra7 Rxf4 49. Kd6 Re4 50. Rxa6 fxg4 51. hxg4 Nxg4 52. Ra7 Nf6 53. Na4 Re1 54. Ra8+ Kg7 55. Ra7+ Kh6 56. Re7 Ne4+ 57. Kd7 Ng5 58. Kd6 Kh5 59. Nc5 Ne4+ 60. Nxe4 Rxe4 61. Rh7+ Kg4 62. Rh1 g5 63. Rg1+ Kf5 64. Kc5 g4 65. Rg3 Kf4 66. Ra3 g3 67. Ra8 Kf3 68. Rf8+ Rf4 69. Rg8 g2 0-1